[Event "COL-ch sf"]
[Site "Pereira"]
[Date "2024.03.30"]
[Round "9"]
[White "Hernandez Aguilar, Elian Manuel"]
[Black "Valcarcel Sierra, Gustavo"]
[Result "1-0"]
[WhiteElo "1400"]
[BlackElo "1672"]
[PlyCount "135"]
[EventDate "2024.03.26"]
[EventType "swiss"]
[EventRounds "11"]
[EventCountry "COL"]
[SourceTitle "CB14_2024"]
[SourceDate "2024.04.01"]
[SourceVersion "1"]
[SourceVersionDate "2024.04.01"]
[SourceQuality "1"]

1. e4 g6 2. d4 d6 3. Nf3 Bg7 4. Be3 a6 5. Bc4 e6 6. 0-0 b5 7. Bd3 Nd7 8. Nbd2 Bb7 9. c3 c5 10. Re1 cxd4 11. cxd4 Ngf6 12. Rc1 0-0 13. Bg5 h6 14. Bh4 Qb6 15. h3 e5 16. Bxf6 Bxf6 17. d5 Nc5 18. Bb1 Bc8 19. Nb3 Nd7 20. Rc6 Qb8 21. Na5 Bg7 22. Qd2 Nf6 23. Qb4 Rd8 24. Rec1 Bf8 25. Rc7 Bd7 26. Rb7 Rc8 27. Re1 Rc4 28. Rxb8 Rxb4 29. Rxa8 Rxb2 30. Nb3 h5 31. Rxa6 Bh6 32. Rxd6 Kg7 33. Nxe5 Bf4 34. Nxd7 Bxd6 35. Nxf6 Kxf6 36. e5+ Bxe5 37. Rd1 b4 38. d6 Bxd6 39. Rxd6+ Ke5 40. Rd2 Rxb1+ 41. Kh2 h4 42. g3 hxg3+ 43. fxg3 f6 44. Kg2 g5 45. h4 gxh4 46. gxh4 Kf4 47. Rd4+ Ke5 48. Rd2 Kf4 49. Kh3 Rh1+ 50. Rh2 Rxh2+ 51. Kxh2 Kg4 52. Na5 Kxh4 53. Nc6 Kg4 54. Nxb4 Kf4 55. a4 Ke5 56. a5 Kd6 57. Kg3 Kc7 58. a6 Kb6 59. Kf4 Ka7 60. Kf5 Kb6 61. Kxf6 Ka7 62. Ke6 Kb6 63. Kd6 Ka7 64. Kc6 Kb8 65. Kb6 Ka8 66. Nd5 Kb8 67. Nc7 Kc8 68. a7 1-0

[Event "COL-ch sf"]
[Site "Pereira"]
[Date "2024.03.26"]
[Round "1"]
[White "Mora Munoz, Alejandro"]
[Black "Valcarcel Sierra, Gustavo"]
[Result "1-0"]
[WhiteElo "1990"]
[BlackElo "1672"]
[PlyCount "79"]
[EventDate "2024.03.26"]
[EventType "swiss"]
[EventRounds "11"]
[EventCountry "COL"]
[SourceTitle "CB14_2024"]
[SourceDate "2024.04.01"]
[SourceVersion "1"]
[SourceVersionDate "2024.04.01"]
[SourceQuality "1"]

1. e4 g6 2. d4 Bg7 3. Nc3 d6 4. Be3 a6 5. Qd2 b5 6. 0-0-0 Nd7 7. f3 Bb7 8. g4 Rc8 9. h4 c5 10. h5 cxd4 11. Bxd4 Ne5 12. f4 b4 13. Nd5 e6 14. Ne3 Bxe4 15. Bg2 Nd3+ 16. Kb1 Bxd4 17. Bxe4 Bxe3 18. Qxe3 Nc5 19. hxg6 Na4 20. g7 Qf6 21. gxh8Q Qxh8 22. Qd4 Qxd4 23. Rxd4 Ke7 24. g5 d5 25. Bxh7 Kd6 26. Bxg8 Kc5 27. Nf3 Rxg8 28. c3 a5 29. Rc1 Kb5 30. c4+ dxc4 31. Rdxc4 Rd8 32. Nd4+ Ka6 33. Rc6+ Kb7 34. Rc7+ Ka6 35. R1c6+ Nb6 36. Nb3 a4 37. Nc5+ Kb5 38. Ne4 b3 39. Nc3+ Kb4 40. a3+ 1-0

[Event "COL-ch U1700"]
[Site "Pereira"]
[Date "2022.02.18"]
[Round "5"]
[White "Lopez Mahecha, Natalia"]
[Black "Valcarcel Sierra, Gustavo"]
[Result "0-1"]
[WhiteElo "1086"]
[BlackElo "1483"]
[PlyCount "54"]
[EventDate "2022.02.16"]
[EventType "swiss"]
[EventRounds "9"]
[EventCountry "COL"]
[SourceTitle "CBM 207 Extra"]
[Source "ChessBase"]
[SourceDate "2022.05.31"]
[SourceVersion "1"]
[SourceVersionDate "2022.05.31"]
[SourceQuality "1"]

1. e4 g6 2. d4 d6 3. Nf3 Bg7 4. Nc3 Nd7 5. Be3 a6 6. Bc4 e6 7. 0-0 Ngf6 8. e5 dxe5 9. Nxe5 0-0 10. f4 Nxe5 11. fxe5 Nd5 12. Nxd5 exd5 13. Bb3 c6 14. Qd2 Bf5 15. Qb4 a5 16. Qxb7 a4 17. Qxc6 axb3 18. axb3 Rxa1 19. Rxa1 Be4 20. c4 Qh4 21. Qd7 Qh5 22. Re1 Qh4 23. g3 Qh5 24. c5 f5 25. Qb5 Qf3 26. Qf1 Qh1+ 27. Kf2 Qxh2+ 0-1

[Event "COL-ch U1700"]
[Site "Pereira"]
[Date "2022.02.17"]
[Round "2"]
[White "Valcarcel Sierra, Gustavo"]
[Black "Puerta Rendon, Jacobo"]
[Result "0-1"]
[WhiteElo "1483"]
[BlackElo "1647"]
[PlyCount "67"]
[EventDate "2022.02.16"]
[EventType "swiss"]
[EventRounds "9"]
[EventCountry "COL"]
[SourceTitle "CBM 207 Extra"]
[Source "ChessBase"]
[SourceDate "2022.05.31"]
[SourceVersion "1"]
[SourceVersionDate "2022.05.31"]
[SourceQuality "1"]

1. d4 d5 2. c4 c6 3. Nc3 Nf6 4. Nf3 Bf5 5. cxd5 cxd5 6. Bg5 Nc6 7. Bxf6 exf6 8. e3 Bb4 9. a3 Bxc3+ 10. bxc3 0-0 11. Bd3 Bxd3 12. Qxd3 Qa5 13. 0-0 b5 14. Nh4 a6 15. Nf5 g6 16. f4 Qc7 17. Rf3 Rfc8 18. Rg3 Kf8 19. Nh6 Na5 20. Rc1 Nc4 21. f5 g5 22. e4 Kg7 23. Rh3 Qf4 24. Re1 Re8 25. e5 fxe5 26. dxe5 Nxe5 27. Qxd5 Nf3+ 28. Rxf3 Rxe1+ 29. Kf2 Qh4+ 30. g3 Qxh2+ 31. Kxe1 Re8+ 32. Kd1 Qh1+ 33. Kc2 Re2+ 34. Qd2 0-1

[Event "COL-ch Amateur U1700"]
[Site "Paipa"]
[Date "2020.02.27"]
[Round "2"]
[White "Caicedo Gomez, Javier Dario"]
[Black "Valcarcel Sierra, Gustavo"]
[Result "1/2-1/2"]
[WhiteElo "1078"]
[BlackElo "1566"]
[PlyCount "104"]
[EventDate "2020.02.26"]
[EventType "swiss"]
[EventRounds "9"]
[EventCountry "COL"]
[SourceTitle "EXT 2021"]
[Source "ChessBase"]
[SourceDate "2020.10.23"]
[SourceVersion "1"]
[SourceVersionDate "2020.10.23"]
[SourceQuality "1"]

1. d4 g6 2. Bf4 Bg7 3. e3 d6 4. Nf3 Nd7 5. c3 Ngf6 6. Be2 b6 7. 0-0 Bb7 8. Nbd2 0-0 9. h3 c5 10. Re1 cxd4 11. exd4 Re8 12. Bb5 a6 13. Ba4 b5 14. Bb3 h6 15. a4 Nd5 16. Bh2 N7f6 17. c4 bxc4 18. Nxc4 Rc8 19. a5 Nb4 20. Nb6 Rc6 21. Ra4 Rxb6 22. axb6 Qxb6 23. Qd2 Nbd5 24. Bxd5 Bxd5 25. Rea1 Bxf3 26. gxf3 Rb8 27. Rxa6 Qxb2 28. Qxb2 Rxb2 29. Ra7 Re2 30. Kf1 Re6 31. Re1 Rxe1+ 32. Kxe1 Nd5 33. Ra5 Nb6 34. Rb5 Bxd4 35. Ke2 e5 36. f4 f6 37. f3 h5 38. h4 Kf7 39. Kd3 Bf2 40. fxe5 fxe5 41. f4 Nd7 42. fxe5 dxe5 43. Bxe5 Bxh4 44. Ke4 Ke6 45. Ra5 Bf2 46. Ra6+ Kf7 47. Ra1 Ke6 48. Rf1 Nc5+ 49. Kf4 g5+ 50. Kxg5 Kxe5 51. Rxf2 Ne4+ 52. Kxh5 Nxf2 1/2-1/2